boneyard aka fearmonger Tracklist (underscores) - Statistics

General Stats
  • This quiz has been taken 14 times
  • The average score is 5 of 7
Answer Stats
# Title % Correct
1 "Everybody's dead!"
100%
3 Heck, I've Become the Grim Reaper's Housewife?!
100%
5 Loansharks aka Spoiled little brat II: Dying in the Northern Hemisphere Somewhere (feat. gabby start)
100%
7 Saltfields (The Layman's Ultimate 7-Step Guide to a Life of Poserdom: There's nothing we can do!)
75%
2 Girls and boys—but secretly, you'd love to know what it's like, wouldn't you?
50%
4 Gunk, or, The Notorious Salt Water Party Trick
50%
6 Tongue in cheek: S*nny, I Think the Girl Next Door has a Crush On You!
50%
No matching quizzes found
Score Distribution
Percent of People with Each Score
Percentile by Number Answered
Your Score History
You have not taken this quiz